Kruh sa uzatvára

TOP 20 obchodných a distribučných spoločností v roku 2001 v SR. Analýza trhu - tržby a koncentrácie obratu našich a zahraničných obchodníkov. Analýza obchodnej siete - typológia obchodných prevádzok.

Salvato in:
Dettagli Bibliografici
Autore principale: Tomčík, Peter
Natura: Capitolo di libro
Lingua:slovacco
Soggetti:
Tags: Aggiungi Tag
Nessun Tag, puoi essere il primo ad aggiungerne!!

MARC

LEADER 00000naa a2200000 4500
001 r043073
005 20231004093749.6
041 0 |a slo 
044 |a SK 
245 1 0 |a Kruh sa uzatvára  |c Peter Tomčík 
520 |a TOP 20 obchodných a distribučných spoločností v roku 2001 v SR. Analýza trhu - tržby a koncentrácie obratu našich a zahraničných obchodníkov. Analýza obchodnej siete - typológia obchodných prevádzok. 
610 2 0 |a analýza trhu 
610 2 0 |a spoločnosti obchodné 
610 2 0 |a hypermarkety 
610 2 0 |a supermarkety 
610 2 0 |a obchodníci 
610 2 0 |a predajne 
610 2 0 |a siete obchodné 
610 2 0 |a typológia podnikov 
610 2 0 |a Slovensko 
100 1 |a Tomčík, Peter